00000000nem##2200000za#4500
0019.616065
003CaOODSP
00520230131161134
007aj |a|||
008150406|2001||||xxc||||   a##f  |   eng|d
040 |aCaOODSP|beng
043 |an-cn---
0861 |aM48-1973AE
1102 |aGeological Survey of Canada.
24510|aSurficial geology, Grinnell Peninsula, Devon Island, Nunavut / |h[cartographic material]|cGeology based on field work by A.S. Dyke, 1993 and 1994, and by Clas Hettestrand and Arjen Stroven, 1994 (Baillie-Hamilton Island), and on airphoto interpretation.
250 |aScale 1:250,000
260 |aOttawa - Ontario : |bNatural Resources Canada. |c2001.
300 |a1 sheet. : |bcoloured map ; |c93 cm.
4901 |a"A" series map
590 |a02-41|b2002-10-11
7201 |aDyke, A. S
830#0|aGeological Survey of Canada, "A" series map.|w(CaOODSP)9.515061
986 |aMap 1973A